00231nam a2200097Ia 4500008004100000100001500041245003100056260002200087942000700109999001700116190216s9999||||xx |||||||||||||| ||und|| aPhilip C D 0aDravyathinde Gunadarmangal bKerala Basha Inst cBK c39382d39382